000 01051nam a22002177a 4500
999 _c62611
_d62611
005 20251125233059.0
008 s2552 th ||||| |||| 00| 0 tha d
020 _a9789743157257
040 _aNALT
050 _aDS578.3 ล831ด 2552
100 0 _aเล่า ชวน หัว
245 1 0 _aดวงดีต้องมีกึ๋น : วิเคราะห์ดวงผู้นำไทยและเทศอย่างเห็นกึ๋น
260 3 _aกรุงเทพฯ :
_bเคล็ดไทย,
_c2552
300 _a206 หน้า :
_b ภาพประกอบ ;
_c 21 ซม.
650 0 4 _aผู้นำของรัฐ -- ดวงชะตา -- สถิติ
650 0 4 _aนายกรัฐมนตรี -- ไทย -- ชีวประวัติ
850 _aNALT
856 4 0 _uhttps://hdl.handle.net/20.500.14156/425757
_71
942 _cGB
_2lcc
_01
998 _j111
_k นางสาวพจพิณ พรมเอี่ยม